| 000 | 00578nam a2200217Ia 4500 | ||
|---|---|---|---|
| 003 | OSt | ||
| 005 | 20230425151830.0 | ||
| 008 | 210423s2012 xx 000 0 und d | ||
| 020 | _a9780071067850 | ||
| 040 | _cAL | ||
| 041 | _aeng | ||
| 082 |
_a658.15 KHAM _223 |
||
| 100 |
_aKHAN (M Y);JAIN (P K). _981498 |
||
| 245 | _aFinancial management: text problems and cases. | ||
| 250 | _a6 | ||
| 260 |
_aNew Delhi _bTata McGrawhill _c2012 |
||
| 300 |
_axxiii,36.45,I-10 _bPB |
||
| 365 |
_b575 _cINR |
||
| 906 | _acases. ; Financial ; management: ; problems | ||
| 942 |
_2ddc _cBK |
||
| 999 |
_c155396 _d155396 |
||